[Event "Offene Hessische Senioren Einzelmeisters"]
[Site "Bad Sooden- Allendorf"]
[Date "2013.04.21"]
[Round "2.80"]
[White "Jung, Prof. Michael"]
[Black "Bill, Eugen"]
[Result "1/2-1/2"]
[WhiteElo "1669"]
[BlackElo "1496"]
[PlyCount "86"]
[EventDate "2013.??.??"]
[WhiteTeam "SV Osnabrück"]
[BlackTeam "SV Lahn Limburg"]

1. c4 c6 2. d4 Nf6 3. Nc3 d5 4. cxd5 cxd5 5. Bg5 e6 6. Nf3 Be7 7. e3 O-O 8. Bd3
Nc6 9. O-O b6 10. Rc1 Bb7 11. Bb1 h6 12. Bh4 Nb8 13. Re1 Nbd7 14. Re2 Nh7 15.
Bxe7 Qxe7 16. Rec2 a6 17. Ne2 Rac8 18. Nf4 Nhf6 19. Rc7 Rxc7 20. Rxc7 Ba8 21.
Ne5 Qd6 22. Nxd7 Nxd7 23. Qc2 Nf6 24. h3 e5 25. dxe5 Qxe5 26. Ne2 d4 27. Nxd4
Be4 28. f4 Qd6 29. Qc1 Bxb1 30. Rc6 Qe7 31. Rxb6 Re8 32. Rxa6 Qxe3+ 33. Qxe3
Rxe3 34. Kf2 Re4 35. Ra8+ Kh7 36. Ne2 Nd5 37. g3 Bd3 38. Nc1 Bc2 39. a3 Re7 40.
b4 Rb7 41. Ne2 Nb6 42. Ra5 Nc4 43. Ra8 Nb6 1/2-1/2

[Event "Offene Hessische Senioren Einzelmeisters"]
[Site "Bad Sooden- Allendorf"]
[Date "2013.04.21"]
[Round "2.81"]
[White "Husser, Oskar"]
[Black "Fuhlrott, Heinz"]
[Result "1/2-1/2"]
[WhiteElo "1664"]
[BlackElo "1489"]
[PlyCount "110"]
[EventDate "2013.??.??"]
[WhiteTeam "SC Caissa Falkensee e.V."]
[BlackTeam "MTV Fichte Winsen"]

1. Nf3 g6 2. d4 d5 3. Nbd2 Bg7 4. e3 Nd7 5. c4 c6 6. Bd3 e5 7. cxd5 cxd5 8.
dxe5 Nxe5 9. Nxe5 Bxe5 10. Nf3 Bf6 11. O-O Ne7 12. Bb5+ Bd7 13. Qa4 Bc6 14. Rd1
O-O 15. e4 Qb6 16. Bxc6 bxc6 17. e5 Bg7 18. Bg5 Qb7 19. Qh4 Nf5 20. Qf4 Rae8
21. g4 f6 22. Bxf6 Bxf6 23. gxf5 Bxe5 24. Qxe5 Rxe5 25. Nxe5 Rxf5 26. Nd3 Rg5+
27. Kh1 Qf7 28. f4 Rg4 29. Ne5 Qxf4 30. Nxg4 Qf3+ 31. Kg1 Qxg4+ 32. Kh1 c5 33.
Rd2 Qf3+ 34. Rg2 d4 35. Kg1 d3 36. Rg3 Qe4 37. Rd1 c4 38. Rg2 Qd4+ 39. Kf1 Qe4
40. Rdd2 Qf3+ 41. Ke1 Qe4+ 42. Kd1 Qd4 43. Rg3 Qe4 44. Rgg2 a5 45. a3 c3 46.
bxc3 Qd5 47. Rb2 Qc6 48. Rgf2 Qxc3 49. Rb8+ Kg7 50. Rd8 Qb3+ 51. Kd2 Qc2+ 52.
Ke3 Qc5+ 53. Rd4 Qc1+ 54. Kxd3 Qxa3+ 55. Ke4 Qe7+ 1/2-1/2

[Event "Offene Hessische Senioren Einzelmeisters"]
[Site "Bad Sooden- Allendorf"]
[Date "2013.04.21"]
[Round "2.82"]
[White "Baier, Peter"]
[Black "Kolkwitz, Klaus"]
[Result "0-1"]
[WhiteElo "1479"]
[BlackElo "1658"]
[PlyCount "70"]
[EventDate "2013.??.??"]
[WhiteTeam "TTC Blau-Weiß Geldern Veert e.V."]
[BlackTeam "ESV 1949 Eberswalde e.V."]

1. Nf3 d6 2. e4 g6 3. Bc4 c6 4. O-O Bg7 5. c3 Nf6 6. d3 O-O 7. h3 d5 8. exd5
cxd5 9. Bb3 Nc6 10. Be3 b6 11. Nbd2 Ba6 12. Qc2 Rc8 13. Qb1 e5 14. Re1 d4 15.
cxd4 Nxd4 16. Nxd4 exd4 17. Bg5 Qd7 18. Bxf6 Bxf6 19. a4 Bb7 20. Bc4 Qf5 21.
Qd1 Rfe8 22. Qb3 Bh4 23. Rxe8+ Rxe8 24. f3 Re3 25. Qb5 Re2 26. Qxf5 gxf5 27.
Nb3 Rxb2 28. Nxd4 Bf2+ 29. Kh1 Bxd4 30. Re1 Kf8 31. Bb5 Rc2 32. Re8+ Kg7 33.
Re7 Bd5 34. Re1 Bf2 35. Re5 Bg3 0-1

[Event "Offene Hessische Senioren Einzelmeisters"]
[Site "Bad Sooden- Allendorf"]
[Date "2013.04.21"]
[Round "2.83"]
[White "Aepfler, Gerhard"]
[Black "Klose, Hans-Peter"]
[Result "1/2-1/2"]
[WhiteElo "1657"]
[BlackElo "1465"]
[PlyCount "41"]
[EventDate "2013.??.??"]
[WhiteTeam "TSG Apolda"]
[BlackTeam "ESV Rot-Weiß Göttingen"]

1. e4 c5 2. Nf3 Nc6 3. d4 cxd4 4. Nxd4 d5 5. Nxc6 bxc6 6. exd5 Bb7 7. Be2 Nf6
8. O-O Nxd5 9. c4 Nf6 10. Qc2 e6 11. Bf4 Be7 12. Nc3 O-O 13. Rad1 Qc8 14. Bf3
Rd8 15. Rxd8+ Bxd8 16. Rd1 Bc7 17. Bg5 Be5 18. Bxf6 Bxf6 19. Ne4 Be7 20. Nd6
Qc7 21. c5 1/2-1/2

[Event "Offene Hessische Senioren Einzelmeisters"]
[Site "Bad Sooden- Allendorf"]
[Date "2013.04.21"]
[Round "2.84"]
[White "Lübbecke, Gerd"]
[Black "von Janta, Lothar"]
[Result "1/2-1/2"]
[WhiteElo "1478"]
[BlackElo "1656"]
[PlyCount "50"]
[EventDate "2013.??.??"]
[WhiteTeam "SC Friedrichsthal"]
[BlackTeam "SV Berenbostel"]

1. e4 e6 2. d4 d5 3. e5 c5 4. Nf3 Nc6 5. c3 cxd4 6. cxd4 Qb6 7. Bd3 Nb4 8. O-O
Nxd3 9. Qxd3 Bd7 10. Nc3 h6 11. Be3 Ne7 12. b3 Nf5 13. Bc1 Bb4 14. Bb2 O-O 15.
Rfc1 Rac8 16. Ne2 Rxc1+ 17. Rxc1 Bb5 18. Qd1 g5 19. g4 Ng7 20. Kg2 Be7 21. Qc2
Qa6 22. Neg1 Bc6 23. Ra1 Rc8 24. a4 Bd7 25. Qd1 b6 1/2-1/2

[Event "Offene Hessische Senioren Einzelmeisters"]
[Site "Bad Sooden- Allendorf"]
[Date "2013.04.21"]
[Round "2.85"]
[White "Brandt, Fred"]
[Black "Knaak, Hans"]
[Result "1/2-1/2"]
[WhiteElo "1652"]
[BlackElo "1463"]
[PlyCount "83"]
[EventDate "2013.??.??"]
[WhiteTeam "SV Königsjäger Süd-West e.V."]
[BlackTeam "Forster SC 95"]

1. d4 Nf6 2. Nf3 g6 3. e3 Bg7 4. Bd3 d6 5. Nbd2 Bg4 6. O-O O-O 7. Be2 a6 8. e4
Nc6 9. c3 b5 10. h3 Bd7 11. b3 Nh5 12. Nh2 Nf4 13. Ndf3 Nh5 14. Be3 Qc8 15. Ng5
Nf6 16. Qd3 h6 17. Ngf3 Qb7 18. Nd2 d5 19. e5 Bf5 20. exf6 Bxd3 21. fxg7 Kxg7
22. Bxd3 e6 23. f4 Ne7 24. g4 Qc6 25. Rac1 Qd6 26. Nhf3 g5 27. Kg2 gxf4 28. Bf2
Ng6 29. Rfe1 Rae8 30. h4 f6 31. h5 Nh8 32. Nh4 Nf7 33. Bg6 Re7 34. Bxf7 Rfxf7
35. Re2 Kh7 36. Rce1 Rg7 37. Kh3 Qd7 38. Ng6 Rxg6 39. hxg6+ Kxg6 40. Nf3 h5 41.
Nh4+ Kf7 42. gxh5 1/2-1/2

[Event "Offene Hessische Senioren Einzelmeisters"]
[Site "Bad Sooden- Allendorf"]
[Date "2013.04.21"]
[Round "2.86"]
[White "Hopp, Dr. Barbara"]
[Black "Papenkordt, Karl-Hermann"]
[Result "0-1"]
[WhiteElo "1464"]
[BlackElo "1648"]
[Annotator ",Microsoft"]
[PlyCount "102"]
[EventDate "2013.??.??"]
[WhiteTeam "SV Oberursel"]
[BlackTeam "SG Witten"]

1. d4 Nf6 2. f3 d5 3. e4 dxe4 4. Nc3 Bf5 5. fxe4 Nxe4 6. Qf3 Nd6 7. Bf4 Qc8 8.
h3 Nc6 9. O-O-O a6 10. Bd3 Nxd4 11. Qe3 Nc6 12. g4 Bxd3 13. Rxd3 Qe6 14. Nd5
Qxe3+ 15. Rxe3 Kd7 16. Nf3 f6 17. Bxd6 exd6 18. Rhe1 Ne5 19. Nxe5+ dxe5 20. Rd3
Bd6 21. Re4 Rad8 22. Rc3 h5 23. a3 c6 24. Nb6+ Kc7 25. Na4 b5 26. Nc5 Bxc5 27.
Rxc5 Rd5 28. Rc3 Rhd8 29. b3 Rd4 30. Rxd4 Rxd4 31. gxh5 Rh4 32. Rg3 Rxh5 33.
Rxg7+ Kd6 34. Rg3 Rg5 35. Rd3+ Ke6 36. Kb2 f5 37. Rd8 Rh5 38. Rd3 e4 39. Re3
Ke5 40. Rc3 Kd5 41. b4 Kd6 42. Re3 $11 c5 43. bxc5+ Kxc5 44. c3 Kd5 45. Rg3 f4
46. Rg4 f3 47. h4 Rf5 48. Rg1 f2 49. Rf1 e3 50. Rd1+ Ke6 51. Rd4 f1=Q 0-1

[Event "Offene Hessische Senioren Einzelmeisters"]
[Site "Bad Sooden- Allendorf"]
[Date "2013.04.21"]
[Round "2.87"]
[White "Klüver, Horst"]
[Black "Köhler, Marianne"]
[Result "1-0"]
[WhiteElo "1644"]
[BlackElo "1438"]
[PlyCount "68"]
[EventDate "2013.??.??"]
[WhiteTeam "SV Merkur Hademarschen"]
[BlackTeam "SG 2011 Sennewit"]

1. e4 e6 2. d4 d5 3. e5 c5 4. c3 Bd7 5. Nf3 Nc6 6. a3 Qb6 7. Be2 cxd4 8. cxd4
Be7 9. Nc3 Qd8 10. O-O h6 11. Be3 Bg5 12. Qd2 Be7 13. Bd3 Bf8 14. Ne2 g5 15. h3
Bg7 16. Ng3 Nge7 17. Nh5 O-O 18. g4 Be8 19. Bc2 f5 20. exf6 Bxf6 21. Nxf6+ Rxf6
22. Ne5 Nxe5 23. dxe5 Rf7 24. f4 gxf4 25. Rxf4 Rxf4 26. Bxf4 Ng6 27. Rf1 Qe7
28. Bxh6 Bf7 29. Bg5 Qc5+ 30. Rf2 Nxe5 31. Qf4 d4 32. Bf6 Nd7 33. Bxd4 Qe7 34.
Qh6 e5 1-0

[Event "Offene Hessische Senioren Einzelmeisters"]
[Site "Bad Sooden- Allendorf"]
[Date "2013.04.21"]
[Round "2.88"]
[White "Ludwig, Richard"]
[Black "Fromme, Werner"]
[Result "0-1"]
[WhiteElo "1451"]
[BlackElo "1643"]
[PlyCount "46"]
[EventDate "2013.??.??"]
[WhiteTeam "SV Irxleben von 1919"]
[BlackTeam "SG Witten"]

1. e4 g6 2. d4 Bg7 3. Nf3 d6 4. Be3 c6 5. Nc3 Bg4 6. Be2 Nf6 7. h3 Bxf3 8. Bxf3
Nbd7 9. O-O O-O 10. Re1 Qc7 11. Qd2 a6 12. Ne2 e5 13. c3 d5 14. Ng3 Nxe4 15.
Nxe4 dxe4 16. Bxe4 f5 17. Bc2 f4 18. Bb3+ Kh8 19. Bxf4 Rxf4 20. d5 Raf8 21. Rf1
cxd5 22. Qxd5 Nf6 23. Rad1 Nxd5 0-1

[Event "Offene Hessische Senioren Einzelmeisters"]
[Site "Bad Sooden- Allendorf"]
[Date "2013.04.21"]
[Round "2.89"]
[White "Berger, Eduard"]
[Black "Jobski, Werner"]
[Result "1-0"]
[WhiteElo "1637"]
[BlackElo "1416"]
[PlyCount "35"]
[EventDate "2013.??.??"]
[WhiteTeam "SK Stadtallendorf"]
[BlackTeam "SF Schwerte 1951"]

1. e4 e5 2. f4 exf4 3. Nf3 c6 4. d4 Bb4+ 5. c3 Ba5 6. Bxf4 Ne7 7. Bc4 Bc7 8.
Ne5 d5 9. exd5 cxd5 10. Bb5+ Nec6 11. O-O O-O 12. Nxc6 bxc6 13. Bd3 Bxf4 14.
Rxf4 Nd7 15. Bxh7+ Kh8 16. Qh5 Nf6 17. Rxf6 Qxf6 18. Bg6+ 1-0

[Event "Offene Hessische Senioren Einzelmeisters"]
[Site "Bad Sooden- Allendorf"]
[Date "2013.04.21"]
[Round "2.90"]
[White "Wauer, Klaus"]
[Black "Wieprecht, Gerhard"]
[Result "1/2-1/2"]
[WhiteElo "1399"]
[BlackElo "1639"]
[PlyCount "78"]
[EventDate "2013.??.??"]
[WhiteTeam "SC 51 Nordhausen"]
[BlackTeam "SV CAISSA e. V. Kassel"]

1. e4 c5 2. Nf3 Nc6 3. d4 cxd4 4. Nxd4 Nf6 5. Nc3 d6 6. h3 g6 7. Be3 Bg7 8. Qd2
O-O 9. Be2 a6 10. O-O-O Qc7 11. f4 Nxd4 12. Bxd4 Be6 13. e5 dxe5 14. Bxe5 Qa5
15. a3 Rfd8 16. Qe3 Rac8 17. Rxd8+ Rxd8 18. Rd1 Nd5 19. Nxd5 Rxd5 20. Bxg7 Kxg7
21. Bf3 Rxd1+ 22. Kxd1 Qd8+ 23. Qd3 Qxd3+ 24. cxd3 Bc8 25. Kd2 Kf6 26. Ke3 Ke6
27. Kd4 Kd6 28. g4 b6 29. Bg2 Bd7 30. b4 a5 31. bxa5 bxa5 32. Kc4 e5 33. fxe5+
Kxe5 34. Kc5 f5 35. d4+ Kf4 36. gxf5 Kxf5 37. Bc6 Ke6 38. Bxd7+ Kxd7 39. a4 g5
1/2-1/2

[Event "Offene Hessische Senioren Einzelmeisters"]
[Site "Bad Sooden- Allendorf"]
[Date "2013.04.21"]
[Round "2.91"]
[White "Schumacher, Ursula"]
[Black "Schütze, Manfred"]
[Result "1/2-1/2"]
[WhiteElo "1383"]
[BlackElo "1629"]
[PlyCount "31"]
[EventDate "2013.??.??"]
[WhiteTeam "HTC Bad Neuenahr"]
[BlackTeam "VfL Gräfenhainichen"]

1. c4 b6 2. Nc3 Bb7 3. e4 e6 4. a3 c5 5. Nf3 Nf6 6. d3 Nc6 7. Bf4 Be7 8. Nb5
O-O 9. Bd6 Ne8 10. Bg3 a6 11. Nc3 d6 12. Be2 Nf6 13. Bf4 Nd7 14. O-O Nd4 15.
Nxd4 cxd4 16. Na2 1/2-1/2

[Event "Offene Hessische Senioren Einzelmeisters"]
[Site "Bad Sooden- Allendorf"]
[Date "2013.04.21"]
[Round "2.93"]
[White "Knobling, Rolf"]
[Black "Fritsch, Wolfgang"]
[Result "0-1"]
[WhiteElo "1342"]
[BlackElo "1613"]
[PlyCount "50"]
[EventDate "2013.??.??"]
[WhiteTeam "USV Erfurt Abteilung Schach"]
[BlackTeam "SV Empor Bad Langensalza"]

1. e4 e5 2. f4 exf4 3. Nf3 g5 4. h3 Bg7 5. d4 d6 6. Nc3 c6 7. Bd3 h6 8. O-O Ne7
9. Re1 O-O 10. e5 dxe5 11. dxe5 Be6 12. Ne4 Nd7 13. Nd6 Nc8 14. Nxb7 Qb6+ 15.
Kh1 Qxb7 16. b3 Rd8 17. Bb2 Ne7 18. c4 Nc5 19. Bd4 Nxd3 20. Qxd3 c5 21. Qe4
Qxe4 22. Rxe4 cxd4 23. Nxd4 Bf5 24. Nxf5 Nxf5 25. Rc1 Ng3+ 0-1

[Event "Offene Hessische Senioren Einzelmeisters"]
[Site "Bad Sooden- Allendorf"]
[Date "2013.04.21"]
[Round "2.94"]
[White "Kienel, Norbert"]
[Black "Maczollek, Helmut"]
[Result "1-0"]
[WhiteElo "1611"]
[BlackElo "1353"]
[PlyCount "111"]
[EventDate "2013.??.??"]
[WhiteTeam "SV Osnabrück"]
[BlackTeam "SK Turm Lage 1926"]

1. d4 d5 2. c4 c6 3. e3 e6 4. Nc3 Nf6 5. Bd3 Nbd7 6. Nf3 Bd6 7. O-O O-O 8. e4
dxe4 9. Nxe4 Nxe4 10. Bxe4 Nf6 11. Bc2 b6 12. Bg5 Be7 13. Qd3 g6 14. Bh6 Re8
15. Ba4 Bb7 16. Ne5 Qc7 17. Bf4 Qc8 18. Rac1 Nh5 19. Bh6 Bf8 20. Bd2 Bg7 21.
Ng4 Qd8 22. Nh6+ Kf8 23. Qf3 Qf6 24. Qe4 a5 25. Bxc6 Bxc6 26. Qxc6 Rab8 27. g4
Bxh6 28. Bxh6+ Ng7 29. Rfd1 Qh4 30. Qd6+ Kg8 31. Qf4 Qe7 32. Bg5 Qf8 33. d5 e5
34. Qf6 Rbd8 35. Qxb6 Rb8 36. Qxa5 Rxb2 37. Rd2 Ra8 38. Qc3 Rbxa2 39. Rxa2 Rxa2
40. Qxe5 Ne8 41. Qe7 f6 42. Qxf8+ Kxf8 43. Be3 Ke7 44. c5 Ra4 45. h3 Kd7 46.
Rb1 Kc8 47. Rb6 Nc7 48. Rc6 f5 49. d6 Ra7 50. Rxc7+ Rxc7 51. dxc7 Kxc7 52. gxf5
gxf5 53. Kg2 Kc6 54. Kf3 Kd5 55. Kf4 Ke6 56. Kg5 1-0

[Event "Offene Hessische Senioren Einzelmeisters"]
[Site "Bad Sooden- Allendorf"]
[Date "2013.04.21"]
[Round "2.95"]
[White "Helm, Irmgard"]
[Black "Van Houten, Henk"]
[Result "0-1"]
[WhiteElo "1340"]
[BlackElo "1609"]
[PlyCount "120"]
[EventDate "2013.??.??"]
[WhiteTeam "TSG Oberschöneweide e.V."]
[BlackTeam "SC Gronau 1920 e.V."]

1. d4 d5 2. Nf3 Nf6 3. Nc3 h6 4. e3 Bf5 5. Bb5+ c6 6. Bd3 Ne4 7. O-O Bh7 8. Ne5
Nd7 9. Nxe4 dxe4 10. Bc4 Nxe5 11. dxe5 Qc7 12. f4 Rd8 13. Qh5 g6 14. Qg4 e6 15.
h4 h5 16. Qh3 Be7 17. g4 Rd7 18. f5 Qxe5 19. fxe6 fxe6 20. g5 Bg8 21. Rb1 Rh7
22. b3 Rf7 23. Bb2 Rxf1+ 24. Qxf1 Qg3+ 25. Qg2 Qxh4 26. Rf1 Qxg5 27. Bg7 Qxg2+
28. Kxg2 Rd2+ 29. Rf2 Rxf2+ 30. Kxf2 Kd7 31. Kg3 g5 32. Be2 Bf7 33. Bd4 b6 34.
a4 Bd6+ 35. Kh3 e5 36. Bc3 a5 37. Bd2 Bc5 38. Bd1 b5 39. axb5 cxb5 40. Bxa5
Bxe3 41. Be2 Kc6 42. c4 bxc4 43. bxc4 Kc5 44. Bc7 Be6+ 45. Kg2 Bxc4 46. Bxh5
Bf4 47. Kf2 Bd3 48. Ba5 Kd4 49. Bb6+ Kc3 50. Be3 Kc2 51. Bg4 Bc4 52. Bf5 Kd3
53. Bb6 Bb3 54. Bd7 e3+ 55. Kf3 Bc4 56. Be6 Bxe6 57. Ba5 g4+ 58. Kg2 Bd5+ 59.
Kf1 e2+ 60. Kf2 Bd2 0-1

[Event "Offene Hessische Senioren Einzelmeisters"]
[Site "Bad Sooden- Allendorf"]
[Date "2013.04.21"]
[Round "2.96"]
[White "Köllmer, Hans"]
[Black "Roth, Reinhard"]
[Result "0-1"]
[WhiteElo "1305"]
[BlackElo "1604"]
[PlyCount "94"]
[EventDate "2013.??.??"]
[WhiteTeam "Sfr.Heidesheim"]
[BlackTeam "Sfr. Taunus Königstein/Schwalbac"]

1. d4 d5 2. Bf4 Nf6 3. Nf3 e6 4. e3 Nbd7 5. Nbd2 Bd6 6. Bd3 Bxf4 7. exf4 O-O 8.
Ne5 Re8 9. Qe2 a6 10. Ndf3 c5 11. c3 c4 12. Bc2 Nf8 13. O-O h6 14. Rfe1 Bd7 15.
g3 Bb5 16. Nh4 Re7 17. Kh1 Be8 18. Nef3 b5 19. Nf5 Rc7 20. N5h4 Ne4 21. Nd2 f5
22. a3 Raa7 23. Bd1 g5 24. fxg5 hxg5 25. Nhf3 Rh7 26. Ne5 Rh6 27. Nf1 Rah7 28.
Qe3 Ng6 29. Nf3 f4 30. Qe2 g4 31. Ng1 f3 32. Qe3 Qg5 33. Nxf3 Qxe3 34. Rxe3
gxf3 35. Bxf3 Nxf2+ 36. Kg2 Ne4 37. Bxe4 dxe4 38. Kg1 Bc6 39. Rae1 Bd5 40. R1e2
Kg7 41. Nd2 Nf4 42. Rf2 Nh3+ 43. Kg2 Nxf2 44. Kxf2 Rxh2+ 45. Ke1 Kf6 46. g4
Rh1+ 47. Nf1 Rf7 0-1

[Event "Offene Hessische Senioren Einzelmeisters"]
[Site "Bad Sooden- Allendorf"]
[Date "2013.04.21"]
[Round "2.97"]
[White "Strozewski, Günter"]
[Black "Girod, Gudrun"]
[Result "1-0"]
[WhiteElo "1604"]
[BlackElo "1349"]
[PlyCount "39"]
[EventDate "2013.??.??"]
[WhiteTeam "SV Erkenschwick 1923 e"]
[BlackTeam "Hannover 96 Schach"]

1. e4 e6 2. d4 d5 3. Nc3 Bb4 4. Bd3 Nc6 5. a3 Bxc3+ 6. bxc3 Nge7 7. Nf3 dxe4 8.
Bxe4 h6 9. O-O O-O 10. Re1 Nd5 11. Bb2 f5 12. Bd3 Bd7 13. Bc4 Kh8 14. Qd2 Qf6
15. Ba2 Rfe8 16. c4 Nde7 17. Ne5 Bc8 18. d5 Qg5 19. Qxg5 hxg5 20. dxc6 1-0

[Event "Offene Hessische Senioren Einzelmeisters"]
[Site "Bad Sooden- Allendorf"]
[Date "2013.04.21"]
[Round "2.98"]
[White "Janzen, Christian"]
[Black "Henniges, Erhard"]
[Result "0-1"]
[WhiteElo "1597"]
[BlackElo "1304"]
[PlyCount "118"]
[EventDate "2013.??.??"]
[WhiteTeam "TSV Marienfelde 1890 e.V."]
[BlackTeam "SV Rochade Magdeburg 96"]

1. e4 e6 2. d4 d5 3. exd5 exd5 4. Bf4 Nf6 5. c3 Be7 6. Bd3 O-O 7. Ne2 Nbd7 8.
O-O c5 9. Nd2 c4 10. Bb1 Ne8 11. Ng3 Bd6 12. Qc2 Ndf6 13. Be5 g6 14. f4 Ng4 15.
Rf3 Nxe5 16. fxe5 Be7 17. Ndf1 Bg4 18. Rf4 Be6 19. Qe2 Ng7 20. Ne3 Bg5 21. Rf1
h5 22. Bc2 Bh6 23. b3 b5 24. a4 h4 25. Nh1 Qd7 26. Nf2 Bxe3 27. Qxe3 Nf5 28.
Qg5 Qe7 29. Qxe7 Nxe7 30. axb5 Nf5 31. Bxf5 Bxf5 32. bxc4 dxc4 33. Ra4 Rfb8 34.
g4 hxg3 35. hxg3 Be6 36. Rb4 Bd5 37. Ng4 Kg7 38. Ne3 Be4 39. Rc1 Rh8 40. Nf1
Rh1+ 41. Kf2 Bd3 42. Re1 Rah8 43. Rbb1 Bxb1 44. Rxb1 R8h2+ 45. Ke3 Rc2 46. d5
Rxc3+ 47. Kd4 Rb3 48. Rd1 Rd3+ 49. Rxd3 cxd3 50. Nd2 Rc1 51. Kxd3 Rc5 52. Kd4
Rxb5 53. Nc4 a5 54. d6 Kf8 55. g4 Ke8 56. g5 Kd7 57. Ne3 a4 58. Nd5 Rxd5+ 59.
Kxd5 a3 0-1

[Event "Offene Hessische Senioren Einzelmeisters"]
[Site "Bad Sooden- Allendorf"]
[Date "2013.04.21"]
[Round "2.99"]
[White "Fister, Horst-Lothar"]
[Black "Van Vorselen, Theo"]
[Result "1/2-1/2"]
[WhiteElo "1301"]
[BlackElo "1595"]
[PlyCount "71"]
[EventDate "2013.??.??"]
[WhiteTeam "SK Werther 1949 e.V."]
[BlackTeam "DD Den Haag"]

1. Nf3 d5 2. d4 Nf6 3. e3 Bg4 4. c4 c6 5. Nc3 e6 6. h3 Bh5 7. g4 Bg6 8. Ne5 Bb4
9. a3 Ba5 10. b4 Bc7 11. cxd5 exd5 12. Nxg6 fxg6 13. Qf3 O-O 14. Qe2 Qe7 15.
Bd2 Nbd7 16. Bg2 Nb6 17. O-O Nc4 18. e4 Nxd2 19. Qxd2 dxe4 20. Qg5 Qd6 21. Qe5
Qxe5 22. dxe5 Bxe5 23. Rac1 Bxc3 24. Rxc3 Rad8 25. Ra1 Rd2 26. a4 Nd5 27. Rg3
Rfxf2 28. Bxe4 Nf4 29. Re3 Rh2 30. b5 Nxh3+ 31. Kf1 Rdf2+ 32. Ke1 Ng5 33. bxc6
bxc6 34. Bxc6 h6 35. Rb1 Rb2 36. Rd1 1/2-1/2

[Event "Offene Hessische Senioren Einzelmeisters"]
[Site "Bad Sooden- Allendorf"]
[Date "2013.04.21"]
[Round "2.100"]
[White "Tomas, Johann"]
[Black "Grüneschild, Hildegard"]
[Result "1-0"]
[WhiteElo "1590"]
[BlackElo "1274"]
[Annotator ",Microsoft"]
[PlyCount "72"]
[EventDate "2013.??.??"]
[WhiteTeam "SK Bad Sooden-Allendorf"]
[BlackTeam "Schach-Union München e.V."]

1. d4 Nf6 2. Nc3 g6 3. e4 d6 4. Bd3 Bg7 5. Be3 O-O 6. Nge2 Nc6 7. a3 Ng4 8. O-O
Nxe3 9. fxe3 e5 10. d5 Ne7 11. Ng3 c6 12. Rb1 cxd5 13. exd5 f5 14. e4 f4 15.
Nh1 Qb6+ 16. Nf2 Bd7 17. Kh1 Rac8 18. Na2 a5 19. c3 g5 20. h3 Ng6 21. Qh5 Qd8
22. Ng4 Qe7 23. Nh6+ Bxh6 24. Qxh6 Nh4 25. Be2 Rf7 26. Bf3 Nxf3 27. gxf3 Rg7
28. Rg1 Rg6 29. Qh5 Rf8 30. Rg2 Qg7 31. Rbg1 h6 32. Nc1 b5 33. Nd3 Be8 34. Qg4
Bd7 35. Qh5 Be8 36. Qg4 Bd7 {Rest nicht zu rekonstruieren} 1-0

[Event "Offene Hessische Senioren Einzelmeisters"]
[Site "Bad Sooden- Allendorf"]
[Date "2013.04.21"]
[Round "2.101"]
[White "Freerksen, Uwe"]
[Black "Hampe, Werner"]
[Result "0-1"]
[WhiteElo "1259"]
[BlackElo "1587"]
[PlyCount "35"]
[EventDate "2013.??.??"]
[WhiteTeam "SK Königsspringer Emden"]
[BlackTeam "SK Lister Turm"]

1. c4 e6 2. d4 d5 3. Nc3 Nf6 4. e3 Be7 5. Nf3 a6 6. Be2 O-O 7. O-O dxc4 8. Bxc4
b5 9. Bb3 Bb7 10. Qe2 Nbd7 11. Bd1 c5 12. dxc5 Nxc5 13. Qc2 Rc8 14. Qd2 Qc7 15.
b4 Rfd8 16. Qe2 Nd3 17. Bd2 Bxb4 18. Rc1 0-1

[Event "Offene Hessische Senioren Einzelmeisters"]
[Site "Bad Sooden- Allendorf"]
[Date "2013.04.21"]
[Round "2.102"]
[White "Schiller, Hans"]
[Black "Semisch, Helga"]
[Result "1-0"]
[WhiteElo "1586"]
[BlackElo "1256"]
[PlyCount "63"]
[EventDate "2013.??.??"]
[WhiteTeam "SF Bad Lausick"]
[BlackTeam "SV Schmalkalden 04"]

1. d4 d5 2. Nf3 c6 3. Bf4 Nf6 4. e3 Nbd7 5. Bd3 h6 6. O-O Nh5 7. Be5 Nxe5 8.
Nxe5 Nf6 9. Nd2 e6 10. c4 g6 11. Qc2 Bg7 12. Bxg6 O-O 13. Bd3 b6 14. Nxc6 Qc7
15. Ne5 Bb7 16. Rac1 Qd6 17. c5 bxc5 18. Qxc5 Qb8 19. Qa5 a6 20. Ndf3 Ne8 21.
Nd7 Qa7 22. Nxf8 Bxf8 23. Ne5 Bd6 24. Nc6 Bxc6 25. Rxc6 Bc7 26. Qc3 a5 27. Rc1
Bd6 28. Ra6 Qb7 29. Rxa8 Qxa8 30. Qc8 Qxc8 31. Rxc8 Kf8 32. Bb5 1-0

[Event "Offene Hessische Senioren Einzelmeisters"]
[Site "Bad Sooden- Allendorf"]
[Date "2013.04.21"]
[Round "2.103"]
[White "Geibel, Henning"]
[Black "Schmieder, Wolfgang"]
[Result "1/2-1/2"]
[WhiteElo "1237"]
[BlackElo "1586"]
[Annotator ",Microsoft"]
[PlyCount "113"]
[EventDate "2013.??.??"]
[WhiteTeam "SV Bargteheide"]
[BlackTeam "Kasseler SK 1876"]

1. e4 c5 2. Nf3 d6 3. Bc4 e6 4. O-O Nf6 5. d3 Be7 6. e5 dxe5 7. Nxe5 a6 8. a4
Nbd7 9. Bf4 h6 10. Nxd7 Bxd7 11. Qf3 Bc6 12. Qg3 Nh5 13. Qg4 Nxf4 14. Qxf4 Bd6
15. Qg4 O-O 16. Nd2 Qc7 17. h3 b5 18. axb5 axb5 19. Rxa8 Rxa8 20. Bb3 Kh7 21.
Ne4 $11 Be7 22. Qg3 Qb7 23. f3 Qa7 24. c4 b4 25. Nf2 Rd8 26. Bc2 Rd4 27. Ng4
Bd6 28. Ne5 Qc7 29. f4 Be8 30. Nf3 Rxf4 31. d4+ Kh8 32. Ne5 Rxf1+ 33. Kxf1 cxd4
34. Qd3 g6 35. Ng4 Qc5 36. Nxh6 f5 37. g4 Qe5 38. gxf5 Qf4+ 39. Ke2 gxf5 40.
Nxf5 exf5 41. Qxf5 Qxf5 42. Bxf5 Kg7 43. b3 Kf6 44. Bd3 Bh5+ 45. Kf2 Kg5 46.
Kg2 Kf4 47. Kf2 Bd1 48. h4 Bxb3 49. h5 Kg5 50. Kf3 Bc5 51. Ke4 Kxh5 52. Kd5 Ba7
53. Ke4 Ba2 54. Kd5 b3 55. c5 Bxc5 56. Kxc5 b2 57. Kxd4 1/2-1/2

[Event "Offene Hessische Senioren Einzelmeisters"]
[Site "Bad Sooden- Allendorf"]
[Date "2013.04.21"]
[Round "2.104"]
[White "Heil, Rudolf"]
[Black "Wernitz, Armin"]
[Result "1-0"]
[WhiteElo "1583"]
[BlackElo "1235"]
[PlyCount "71"]
[EventDate "2013.??.??"]
[WhiteTeam "SC Starnberg"]
[BlackTeam "PostSV Brandenburg e.V."]

1. c4 Nf6 2. g3 g6 3. Bg2 Bg7 4. e4 d6 5. Ne2 O-O 6. O-O c5 7. h3 Nc6 8. Nbc3
a6 9. d3 e5 10. f4 Nd4 11. Nxd4 cxd4 12. Nd5 Nxd5 13. cxd5 f5 14. Bd2 b5 15.
Rc1 Bd7 16. Bb4 Qb6 17. exf5 Bxf5 18. Rc6 Qb7 19. Bxd6 Rfc8 20. Bxe5 Bxe5 21.
fxe5 Qe7 22. Qe2 Rxc6 23. dxc6 Rc8 24. g4 Be6 25. b3 Rf8 26. Rxf8+ Kxf8 27.
Qf2+ Kg7 28. Qxd4 Qc7 29. Qd6 Qf7 30. d4 Bc8 31. Bd5 Qf4 32. Qf6+ Qxf6 33.
exf6+ Kxf6 34. Kg2 g5 35. Be4 h6 36. Bf5 1-0

[Event "Offene Hessische Senioren Einzelmeisters"]
[Site "Bad Sooden- Allendorf"]
[Date "2013.04.21"]
[Round "2.105"]
[White "Nols, Uwe"]
[Black "Zoll, Theo"]
[Result "0-1"]
[WhiteElo "1171"]
[BlackElo "1582"]
[PlyCount "56"]
[EventDate "2013.??.??"]
[WhiteTeam "Itzehoer SV von 1923"]
[BlackTeam "ESV Rot-Weiß Göttingen"]

1. e4 c5 2. Bc4 e6 3. Nc3 Nc6 4. Nf3 d6 5. O-O Nf6 6. a3 a6 7. d3 b5 8. Ba2 Be7
9. Re1 Qc7 10. h3 Bb7 11. Ne2 O-O 12. c3 Rfd8 13. Bf4 h6 14. Qc1 Ne5 15. Nxe5
dxe5 16. Bxh6 gxh6 17. Qxh6 Nh7 18. Ng3 Bg5 19. Qh5 Rxd3 20. Qg4 Kh8 21. h4 Be7
22. Re3 Rg8 23. Qh5 Rxe3 24. fxe3 Rxg3 25. Qxf7 c4 26. Rf1 Bxe4 27. Qe8+ Rg8
28. Qh5 Rxg2+ 0-1